000 00759cam a22002773a 4500
001 767
003 PGUSA
005 20140828082952.0
008 961201s1996||||xxu|||||s|||||000 1 eng d
040 _aPGUSA
_beng
042 _adc
050 4 _aPR
100 1 _aBrontë, Anne,
_d1820-1849
245 1 0 _aAgnes Grey
_h[electronic resource] /
_cAnne Brontë
260 _bProject Gutenberg,
_c1996
506 _aPublic domain in the USA.
516 _aElectronic text
653 _aEngland -- Fiction
653 _aAutobiographical fiction
653 _aGovernesses -- Fiction
653 _aFeminist fiction
653 _aSingle women -- Fiction
830 0 _aProject Gutenberg
_v767
856 4 0 _uhttp://www.gutenberg.org/ebooks/767
942 _cEB
999 _c230118
_d230118